[Event "Olympiad Women-43"]
[Site "Batumi"]
[Date "2018.10.01"]
[Round "7.61"]
[White "Yearwood, Shannon"]
[Black "Cruz, Bitia"]
[Result "0-1"]
[WhiteElo "1608"]
[BlackElo "1702"]
[PlyCount "144"]
[EventDate "2018.09.24"]
[EventType "team-swiss"]
[EventRounds "11"]
[EventCountry "GEO"]
[SourceTitle "EXT 2020"]
[Source "ChessBase"]
[SourceDate "2019.10.17"]
[SourceVersion "1"]
[SourceVersionDate "2019.10.17"]
[SourceQuality "1"]
[WhiteTeam "Trinidad and Tobago (W)"]
[BlackTeam "Honduras (W)"]
[WhiteTeamCountry "TRI"]
[BlackTeamCountry "HON"]

1. e4 e5 2. Nf3 Nf6 3. Nc3 Nc6 4. d4 exd4 5. Nxd4 Bb4 6. Nxc6 bxc6 7. Bd3 d5 8. exd5 cxd5 9. 0-0 0-0 10. Bg5 c6 11. Na4 Qd6 12. c3 Ba5 13. Bh4 Bg4 14. Qc2 h6 15. Rfe1 Rfe8 16. Bg3 Rxe1+ 17. Rxe1 Qd8 18. Nc5 Bb6 19. Nb7 Qd7 20. Nd6 Nh5 21. Nf5 Nxg3 22. hxg3 Bxf5 23. Bxf5 Qd6 24. Qe2 g6 25. Bh3 Qxg3 26. Kf1 Qh2 27. Qe7 Qf4 28. Qe2 d4 29. cxd4 Qxd4 30. Rd1 Qf6 31. b3 Rd8 32. Rxd8+ Qxd8 33. Bg4 Qd4 34. Bf3 Qa1+ 35. Qe1 Qxa2 36. Bxc6 Qxb3 37. Qe8+ Kg7 38. Qe5+ Kh7 39. Qe4 Qd1+ 40. Qe1 Qxe1+ 41. Kxe1 g5 42. f3 Kg6 43. g4 h5 44. gxh5+ Kxh5 45. Be8 Kg6 46. Ke2 Kf6 47. Kf1 Ke7 48. Bc6 Kd6 49. Be8 f6 50. Kg2 Bd4 51. Kf1 Kc5 52. Ke2 Kb4 53. Kd3 Be5 54. Kc2 a5 55. Kb1 a4 56. Bc6 a3 57. Bd5 Kc5 58. Ba2 Kd4 59. Kc2 Ke3 60. Bd5 a2 61. Bxa2 Kxf3 62. Bd5+ Kg4 63. Kd2 f5 64. Ke2 f4 65. Kf2 Bd4+ 66. Kg2 Kf5 67. Bb7 g4 68. Bc6 Ke5 69. Bd7 f3+ 70. Kf1 g3 71. Bh3 Kf4 72. Ke1 g2 0-1

[Event "Olympiad Women-43"]
[Site "Batumi"]
[Date "2018.09.27"]
[Round "4.54"]
[White "Yearwood, Shannon"]
[Black "Frijde, Reyna"]
[Result "1-0"]
[WhiteElo "1608"]
[BlackElo "1559"]
[PlyCount "73"]
[EventDate "2018.09.24"]
[EventType "team-swiss"]
[EventRounds "11"]
[EventCountry "GEO"]
[SourceTitle "EXT 2020"]
[Source "ChessBase"]
[SourceDate "2019.10.17"]
[SourceVersion "1"]
[SourceVersionDate "2019.10.17"]
[SourceQuality "1"]
[WhiteTeam "Trinidad and Tobago (W)"]
[BlackTeam "Surinam (W)"]
[WhiteTeamCountry "TRI"]
[BlackTeamCountry "SUR"]

1. e4 c5 2. c3 d5 3. exd5 Qxd5 4. d4 cxd4 5. cxd4 Nc6 6. Be3 e6 7. Nf3 Nf6 8. Nc3 Qd8 9. Bb5 Bd7 10. 0-0 Be7 11. Rc1 0-0 12. Re1 a6 13. Bf1 Qa5 14. a3 b5 15. d5 exd5 16. Nxd5 Nxd5 17. Qxd5 Qc7 18. Bf4 Qxf4 19. Qxd7 Bf6 20. Rxc6 Bxb2 21. Qd3 Rfd8 22. Qb3 Bf6 23. Rec1 Qb8 24. Rc7 Rf8 25. Qe3 Re8 26. Qc5 Qd8 27. Qc6 Bb2 28. Rc2 Bxa3 29. Rd7 Qb8 30. Qd5 Rf8 31. Rcc7 Qe8 32. Ng5 Rd8 33. Qf5 g6 34. Qh3 h5 35. Rxf7 Rxf7 36. Rxf7 Bc1 37. Qc3 1-0

[Event "Olympiad Women-43"]
[Site "Batumi"]
[Date "2018.09.25"]
[Round "2.40"]
[White "Yearwood, Shannon"]
[Black "Mencos, Claudia"]
[Result "0-1"]
[WhiteElo "1608"]
[BlackElo "1996"]
[PlyCount "118"]
[EventDate "2018.09.24"]
[EventType "team-swiss"]
[EventRounds "11"]
[EventCountry "GEO"]
[SourceTitle "EXT 2020"]
[Source "ChessBase"]
[SourceDate "2019.10.17"]
[SourceVersion "1"]
[SourceVersionDate "2019.10.17"]
[SourceQuality "1"]
[WhiteTeam "Trinidad and Tobago (W)"]
[BlackTeam "Guatemala (W)"]
[WhiteTeamCountry "TRI"]
[BlackTeamCountry "GUA"]

1. e4 e6 2. Nf3 c5 3. d4 cxd4 4. Nxd4 a6 5. Nc3 Bb4 6. g3 Qc7 7. Bd2 Nf6 8. Bg2 Be7 9. 0-0 d6 10. Kh1 Nc6 11. Nxc6 bxc6 12. f4 Rb8 13. Rb1 0-0 14. g4 Nd7 15. g5 f5 16. exf5 exf5 17. Qe2 Nc5 18. b4 Ne6 19. Rbe1 Rf7 20. h4 Bf8 21. h5 d5 22. g6 Rf6 23. Bxd5 cxd5 24. Nxd5 Bb7 25. gxh7+ Kxh7 26. c4 Qf7 27. Rf2 Rh6 28. Rh2 Nd4 29. Qe5 Nc6 30. Qe2 Nxb4 31. Bxb4 Bxd5+ 32. cxd5 Qxd5+ 33. Kg1 Bxb4 34. Rd1 Bc5+ 35. Kf1 Qe4 36. Qxe4 fxe4 37. Rc1 Bb6 38. Rc4 e3 39. Re4 Rf8 40. Ke2 Rf5 41. Rb4 Ba5 42. Rb7 Rxf4 43. Kxe3 Rg4 44. Kf3 Rg5 45. Ra7 Bc3 46. Kf4 Rc5 47. Kg4 a5 48. Rc2 Rhc6 49. Re2 Bf6 50. Rh2 Rg5+ 51. Kf3 Rc3+ 52. Kf4 Kh6 53. Ke4 Rc4+ 54. Kd3 Rd4+ 55. Ke3 Rg3+ 56. Ke2 Rb4 57. Kf2 Ra3 58. Kg1 Rb1+ 59. Kg2 Rxa2+ 0-1

[Event "Port of Spain op"]
[Site "Port of Spain"]
[Date "2017.08.29"]
[Round "4"]
[White "Ramos Caldera, Cesar"]
[Black "Yearwood, Shannon"]
[Result "1-0"]
[WhiteElo "2013"]
[BlackElo "1670"]
[PlyCount "63"]
[EventDate "2017.08.27"]
[EventType "swiss"]
[EventRounds "9"]
[EventCountry "TRI"]
[SourceTitle "CBM 180 Extra"]
[Source "ChessBase"]
[SourceDate "2017.10.06"]
[SourceVersion "1"]
[SourceVersionDate "2017.10.06"]
[SourceQuality "1"]

1. Nf3 Nc6 2. b3 d5 3. Bb2 h6 4. e3 e6 5. g3 Nf6 6. Bg2 Bd6 7. 0-0 0-0 8. d4 Re8 9. Ne5 Bxe5 10. dxe5 Nd7 11. f4 f6 12. Qh5 Nb4 13. exf6 Nxf6 14. Bxf6 gxf6 15. a3 Nc6 16. Qg6+ Kf8 17. Qxh6+ Kg8 18. Nc3 f5 19. Rad1 Qe7 20. g4 Qg7 21. Qxg7+ Kxg7 22. gxf5 exf5 23. Nxd5 Rb8 24. Kf2 Rh8 25. h3 b6 26. Nxc7 Bb7 27. Rd7+ Kg8 28. Ne6 Rh7 29. Rfd1 a5 30. Rxh7 Kxh7 31. Rd7+ Kh8 32. Ng5 1-0

[Event "TTO-ch (Women)"]
[Site "Port of Spain"]
[Date "2016.10.22"]
[Round "5"]
[White "Phillips, Marliyah"]
[Black "Yearwood, Shannon"]
[Result "0-1"]
[WhiteElo "1229"]
[BlackElo "1707"]
[PlyCount "76"]
[EventDate "2016.10.15"]
[EventType "tourn"]
[EventRounds "9"]
[EventCountry "TRI"]
[SourceTitle "CBM 175 Extra"]
[Source "ChessBase"]
[SourceDate "2016.12.12"]
[SourceVersion "1"]
[SourceVersionDate "2016.12.12"]
[SourceQuality "1"]

1. e4 e5 2. Nf3 Nc6 3. Bc4 Bc5 4. Nc3 Nf6 5. d3 h6 6. Be3 Bb6 7. 0-0 d6 8. h3 0-0 9. d4 exd4 10. Bxd4 Nxd4 11. Nxd4 Nxe4 12. Bb3 Nxc3 13. bxc3 Qf6 14. Qf3 Bxd4 15. cxd4 Qxf3 16. gxf3 Bxh3 17. Rfe1 Rae8 18. Bd5 c6 19. Bb3 Be6 20. Re2 Bxb3 21. Rae1 Rxe2 22. Rxe2 Bxa2 23. Re7 Rb8 24. Kg2 Be6 25. Kg3 Kf8 26. Rc7 Ke8 27. d5 Bxd5 28. Kf4 Kd8 29. c4 Bxc4 30. Rxf7 Bxf7 31. Kf5 b5 32. f4 b4 33. f3 b3 34. Ke4 b2 35. Kf5 b1Q+ 36. Kg4 Be6+ 37. Kg3 Qe1+ 38. Kg2 Rb2# 0-1

[Event "TTO-ch (Women)"]
[Site "Port of Spain"]
[Date "2016.10.16"]
[Round "3"]
[White "James, Shemilah"]
[Black "Yearwood, Shannon"]
[Result "1/2-1/2"]
[WhiteElo "1473"]
[BlackElo "1707"]
[PlyCount "120"]
[EventDate "2016.10.15"]
[EventType "tourn"]
[EventRounds "9"]
[EventCountry "TRI"]
[SourceTitle "CBM 175 Extra"]
[Source "ChessBase"]
[SourceDate "2016.12.12"]
[SourceVersion "1"]
[SourceVersionDate "2016.12.12"]
[SourceQuality "1"]

1. e4 e5 2. Nf3 Nc6 3. Bc4 Bc5 4. c3 Nf6 5. d3 0-0 6. 0-0 a6 7. Bb3 d6 8. Re1 Re8 9. h3 Ba7 10. Nbd2 Ne7 11. Nf1 Ng6 12. Ng3 d5 13. Bg5 c6 14. exd5 cxd5 15. Nh5 Qd6 16. Bxf6 gxf6 17. Bxd5 Ne7 18. Bb3 Bf5 19. Qd2 Bg6 20. Ng3 Nd5 21. Bxd5 Qxd5 22. Nh4 Qxd3 23. Qxd3 Bxd3 24. Rad1 Red8 25. Nh5 Bc2 26. Rxd8+ Rxd8 27. Nxf6+ Kg7 28. Ng4 Rd2 29. Nf3 Rd5 30. Rxe5 Rxe5 31. Ngxe5 f6 32. Nc4 b5 33. Nd6 Bb8 34. Nb7 Bf4 35. Nc5 Bc1 36. Nxa6 Bxb2 37. Nd4 Bb1 38. a3 Bd3 39. Nc7 Bxc3 40. Ndxb5 Ba5 41. Ne8+ Kf7 42. Ned6+ Ke6 43. a4 Bc2 44. Nd4+ Kxd6 45. Nxc2 Kc5 46. Ne3 Bc3 47. Nc2 Kb6 48. Ne3 Ka5 49. Nd5 Bd4 50. Kf1 Kxa4 51. Ke2 Kb5 52. f3 Kc5 53. Nf4 Kd6 54. Kd3 Ke5 55. Nh5 Bf2 56. Ke2 Bh4 57. g3 Bxg3 58. Nxg3 Kf4 59. Kf2 h6 60. Ne4 f5 1/2-1/2

[Event "Olympiad Women-42"]
[Site "Baku"]
[Date "2016.09.05"]
[Round "4.41"]
[White "Yearwood, Shannon"]
[Black "Roy, Ali"]
[Result "0-1"]
[WhiteElo "1662"]
[BlackElo "1894"]
[PlyCount "94"]
[EventDate "2016.09.02"]
[EventType "team-swiss"]
[EventRounds "11"]
[EventCountry "AZE"]
[SourceTitle "CBM 174 Extra"]
[Source "ChessBase"]
[SourceDate "2016.10.10"]
[SourceVersion "1"]
[SourceVersionDate "2016.10.10"]
[SourceQuality "1"]
[WhiteTeam "Trinidad and Tobago (W)"]
[BlackTeam "Scotland (W)"]
[WhiteTeamCountry "TRI"]
[BlackTeamCountry "SCO"]

1. e4 e6 2. d4 d5 3. exd5 exd5 4. c4 Nf6 5. Nc3 Bb4 6. a3 Bxc3+ 7. bxc3 0-0 8. h3 Re8+ 9. Be3 Ne4 10. Qc2 Bf5 11. Qc1 c6 12. cxd5 cxd5 13. Bb5 Nd7 14. Bxd7 Qxd7 15. Ne2 Rac8 16. 0-0 Rc6 17. f3 Nd6 18. Ng3 Nb5 19. Bd2 Nxd4 20. Qb2 Ne2+ 21. Nxe2 Rxe2 22. Rf2 Ree6 23. Re1 Rb6 24. Qa2 Bd3 25. Be3 Bc4 26. Qd2 Qe7 27. Kh2 Rb3 28. Bg5 f6 29. Rxe6 Qxe6 30. Be3 Rxa3 31. Bc5 Rb3 32. Bxa7 Qe5+ 33. g3 Qxc3 34. Qxc3 Rxc3 35. Rb2 b5 36. Kg2 Rd3 37. Kf2 Kf7 38. g4 f5 39. g5 d4 40. Bb8 Rd1 41. Bf4 Ke6 42. h4 Kd5 43. Bb8 Ra1 44. Bc7 Bd3 45. Bd8 Kc4 46. Be7 Kc3 47. Rb4 Bc4 0-1

[Event "Olympiad Women-42"]
[Site "Baku"]
[Date "2016.09.03"]
[Round "2.35"]
[White "Park, Sunwoo"]
[Black "Yearwood, Shannon"]
[Result "1-0"]
[WhiteElo "1626"]
[BlackElo "1662"]
[PlyCount "91"]
[EventDate "2016.09.02"]
[EventType "team-swiss"]
[EventRounds "11"]
[EventCountry "AZE"]
[SourceTitle "CBM 174 Extra"]
[Source "ChessBase"]
[SourceDate "2016.10.10"]
[SourceVersion "1"]
[SourceVersionDate "2016.10.10"]
[SourceQuality "1"]
[WhiteTeam "South Korea (W)"]
[BlackTeam "Trinidad and Tobago (W)"]
[WhiteTeamCountry "KOR"]
[BlackTeamCountry "TRI"]

1. e4 e5 2. Nf3 Nc6 3. Bb5 Bc5 4. c3 Nf6 5. d4 Bb6 6. 0-0 0-0 7. d5 Ne7 8. Bd3 d6 9. c4 Ng6 10. h3 Re8 11. Nc3 c6 12. Ne2 Nh5 13. Be3 Bxe3 14. fxe3 Qb6 15. Qd2 Ngf4 16. Nxf4 exf4 17. Nd4 Ng3 18. Rxf4 g5 19. Rf3 Nxe4 20. Bxe4 Rxe4 21. Raf1 Re7 22. Qf2 Qc7 23. Ne6 Bxe6 24. dxe6 Rxe6 25. Rxf7 Qc8 26. Qg3 h6 27. h4 Rg6 28. R7f6 Qe8 29. Qxd6 Qxe3+ 30. Kh2 Rxf6 31. Rxf6 gxh4 32. Rg6+ Kh7 33. Qf6 Qg3+ 34. Rxg3 hxg3+ 35. Kxg3 Rg8+ 36. Kh3 Rg7 37. g4 a6 38. Kh4 a5 39. Qf5+ Kh8 40. Qxa5 Kg8 41. Qf5 Kh8 42. Kh5 Kg8 43. Kxh6 Rf7 44. Qe6 Kf8 45. g5 Re7 46. Qxe7+ 1-0

[Event "Olympiad Women-42"]
[Site "Baku"]
[Date "2016.09.02"]
[Round "1.26"]
[White "Yearwood, Shannon"]
[Black "Velikic, Adela"]
[Result "0-1"]
[WhiteElo "1662"]
[BlackElo "2260"]
[PlyCount "74"]
[EventDate "2016.09.02"]
[EventType "team-swiss"]
[EventRounds "11"]
[EventCountry "AZE"]
[SourceTitle "CBM 174 Extra"]
[Source "ChessBase"]
[SourceDate "2016.10.10"]
[SourceVersion "1"]
[SourceVersionDate "2016.10.10"]
[SourceQuality "1"]
[WhiteTeam "Trinidad and Tobago (W)"]
[BlackTeam "Serbia (W)"]
[WhiteTeamCountry "TRI"]
[BlackTeamCountry "SRB"]

1. e4 c6 2. d4 d5 3. exd5 cxd5 4. c4 Nf6 5. Nc3 Nc6 6. Nf3 e6 7. a3 Be7 8. Be2 0-0 9. 0-0 b6 10. h3 Bb7 11. Be3 dxc4 12. Bxc4 Rc8 13. Rc1 Nxd4 14. Nxd4 Rxc4 15. Qd3 Rc8 16. Rfd1 Nd5 17. Nxd5 Qxd5 18. Nf3 Qxd3 19. Rxd3 Rxc1+ 20. Bxc1 Rc8 21. Be3 Bd5 22. Nd4 a6 23. b4 Kf8 24. Nf5 Bf6 25. Kh2 Be4 26. Nd6 Rd8 27. Nxe4 Rxd3 28. Nxf6 gxf6 29. Bxb6 Rxa3 30. Bc5+ Ke8 31. g3 Rb3 32. h4 Kd7 33. Kh3 Kc6 34. Be7 f5 35. Bf8 Kb5 36. Kg2 Rxb4 37. Bxb4 Kxb4 0-1

[Event "Port of Spain op"]
[Site "Port of Spain"]
[Date "2016.08.04"]
[Round "9"]
[White "Yearwood, Shannon"]
[Black "Jones, Akeisha"]
[Result "1-0"]
[WhiteElo "1721"]
[BlackElo "1290"]
[PlyCount "69"]
[EventDate "2016.07.29"]
[EventType "swiss"]
[EventRounds "9"]
[EventCountry "TRI"]
[SourceTitle "EXT 2017"]
[Source "ChessBase"]
[SourceDate "2016.10.25"]
[SourceVersion "1"]
[SourceVersionDate "2016.10.25"]
[SourceQuality "1"]

1. e4 e5 2. Nf3 Nc6 3. Bc4 Nf6 4. d3 Bc5 5. c3 Bb6 6. Nbd2 0-0 7. Bb3 d6 8. Nf1 Ne7 9. Ng3 Ng6 10. 0-0 c6 11. Re1 h6 12. h3 Re8 13. Be3 d5 14. Qc1 Bxe3 15. fxe3 dxe4 16. dxe4 Be6 17. Qc2 Qb6 18. Kh1 Rad8 19. Nf5 Bxb3 20. axb3 Rd7 21. Nd2 Red8 22. Nc4 Qc7 23. Rxa7 Nf8 24. Rea1 Ne6 25. Ra8 Nc5 26. Rxd8+ Rxd8 27. Nd2 Kh7 28. Rd1 Qd7 29. Kg1 Ncxe4 30. Kh2 Qxf5 31. Nxe4 Rxd1 32. Nxf6+ gxf6 33. Qxf5+ Kg7 34. Qg4+ Kf8 35. Qxd1 1-0

[Event "Caribbean Carnival U20"]
[Site "Port of Spain"]
[Date "2015.08.12"]
[Round "7.5"]
[White "Richards, Allon"]
[Black "Yearwood, Shannon"]
[Result "1-0"]
[WhiteElo "1771"]
[BlackElo "1607"]
[PlyCount "85"]
[EventDate "2015.08.09"]
[EventType "swiss"]
[EventRounds "7"]
[EventCountry "TRI"]
[SourceTitle "EXT 2024"]
[Source "ChessBase"]
[SourceDate "2023.10.10"]
[SourceVersion "1"]
[SourceVersionDate "2023.10.10"]
[SourceQuality "1"]

1. e4 e5 2. Nf3 Nc6 3. d4 exd4 4. Bc4 Nf6 5. e5 Ne4 6. 0-0 d5 7. Bb5 Bd7 8. Bxc6 bxc6 9. Nxd4 Bc5 10. c3 Bb6 11. f3 Ng5 12. f4 Ne4 13. f5 c5 14. Nb3 Bb5 15. Rf4 Qe7 16. a4 Bc4 17. N1d2 Nxd2 18. Nxd2 c6 19. Nxc4 dxc4 20. Qf3 0-0 21. Re4 Bc7 22. f6 Qe6 23. Qg3 g6 24. Qg5 Rfd8 25. Be3 Qe8 26. Bxc5 Bb6 27. Bxb6 axb6 28. Rxc4 c5 29. Rh4 Qf8 30. Rh6 Kh8 31. Qh4 Qg8 32. Qe4 Qf8 33. Rh3 Qe8 34. Rf3 b5 35. a5 Qe6 36. Rd3 c4 37. Rxd8+ Rxd8 38. a6 Qb6+ 39. Kf1 Qa7 40. Ke2 Rb8 41. Qd4 Ra8 42. Qxa7 Rxa7 43. Ke3 1-0

[Event "Caribbean Carnival U20"]
[Site "Port of Spain"]
[Date "2015.08.11"]
[Round "6.9"]
[White "Yearwood, Shannon"]
[Black "Mahtani, Nitin"]
[Result "1-0"]
[WhiteElo "1607"]
[BlackElo "1437"]
[PlyCount "73"]
[EventDate "2015.08.09"]
[EventType "swiss"]
[EventRounds "7"]
[EventCountry "TRI"]
[SourceTitle "EXT 2024"]
[Source "ChessBase"]
[SourceDate "2023.10.10"]
[SourceVersion "1"]
[SourceVersionDate "2023.10.10"]
[SourceQuality "1"]

1. e4 c6 2. d4 d5 3. exd5 cxd5 4. c4 Nc6 5. Nf3 Nf6 6. Nc3 Bg4 7. Be2 e6 8. h3 Bxf3 9. Bxf3 dxc4 10. Bxc6+ bxc6 11. Qa4 Qb6 12. Qxc4 Bb4 13. 0-0 Bxc3 14. Qxc3 Nd5 15. Qc5 Qxc5 16. dxc5 0-0 17. a3 Rab8 18. b4 Rb5 19. Bd2 a6 20. Rfd1 Rd8 21. Bf4 Ra8 22. Bd6 Nc3 23. Rd3 Na4 24. Bc7 Rb7 25. Rad1 Kf8 26. Ba5 Nb2 27. Rd8+ Rxd8 28. Rxd8+ Ke7 29. Ra8 Nc4 30. Rxa6 Kd7 31. Bb6 Nxb6 32. cxb6 Kc8 33. Ra8+ Rb8 34. Rxb8+ Kxb8 35. a4 Kb7 36. a5 Ka6 37. Kf1 1-0

[Event "Pan American-ch U16 Girls"]
[Site "Cali"]
[Date "2015.07.03"]
[Round "9"]
[White "Cardoso Cardoso, Jaidy Marcela"]
[Black "Yearwood, Shannon"]
[Result "1-0"]
[WhiteElo "1806"]
[BlackElo "1607"]
[PlyCount "20"]
[EventDate "2015.06.28"]
[EventType "swiss"]
[EventRounds "9"]
[EventCountry "COL"]
[SourceTitle "EXT 2016"]
[Source "ChessBase"]
[SourceDate "2015.10.08"]
[SourceVersion "1"]
[SourceVersionDate "2015.10.08"]
[SourceQuality "1"]

1. d4 d5 2. Nf3 Nf6 3. c4 dxc4 4. Qa4+ c6 5. Qxc4 Bf5 6. a4 e6 7. Nc3 Bd6 8. Bg5 Nbd7 9. e4 0-0 10. exf5 exf5 1-0

[Event "Pan American-ch U16 Girls"]
[Site "Cali"]
[Date "2015.06.30"]
[Round "4"]
[White "Yearwood, Shannon"]
[Black "Sarmiento Mojica, Leidy Carolina"]
[Result "1/2-1/2"]
[WhiteElo "1607"]
[BlackElo "1339"]
[PlyCount "68"]
[EventDate "2015.06.28"]
[EventType "swiss"]
[EventRounds "9"]
[EventCountry "COL"]
[SourceTitle "EXT 2016"]
[Source "ChessBase"]
[SourceDate "2015.10.08"]
[SourceVersion "1"]
[SourceVersionDate "2015.10.08"]
[SourceQuality "1"]

1. e4 c5 2. c3 d5 3. exd5 Qxd5 4. d4 cxd4 5. cxd4 Nf6 6. Nc3 Qd6 7. h3 a6 8. Nf3 Nc6 9. Bc4 e6 10. 0-0 Be7 11. Re1 0-0 12. d5 Na5 13. Bf1 exd5 14. Qa4 Nc6 15. Bf4 Qb4 16. Qxb4 Bxb4 17. a3 Be7 18. Rad1 Rd8 19. Bc7 Rd7 20. Bb6 Bd8 21. Na4 Rd6 22. Bc5 Re6 23. Rxe6 Bxe6 24. Ng5 Bf5 25. Nc3 h6 26. Nf3 Be6 27. Nd4 Nxd4 28. Bxd4 Ne4 29. Bd3 Bf6 30. Bxe4 Bxd4 31. Rxd4 dxe4 32. Nxe4 Rc8 33. Nc3 h5 34. Rb4 Rc7 1/2-1/2

[Event "Port of Spain Knights op"]
[Site "Port of Spain"]
[Date "2015.05.14"]
[Round "5"]
[White "Lee, Cecil"]
[Black "Yearwood, Shannon"]
[Result "1-0"]
[WhiteElo "1928"]
[BlackElo "1629"]
[PlyCount "137"]
[EventDate "2015.04.16"]
[EventType "swiss"]
[EventRounds "7"]
[EventCountry "TRI"]
[SourceTitle "EXT 2016"]
[Source "ChessBase"]
[SourceDate "2015.10.08"]
[SourceVersion "1"]
[SourceVersionDate "2015.10.08"]
[SourceQuality "1"]

1. d4 d5 2. c4 c6 3. Nc3 Nf6 4. e3 Bf5 5. Nf3 e6 6. Be2 Be7 7. 0-0 0-0 8. b3 Nbd7 9. Bb2 Re8 10. Nh4 Ne4 11. Nxf5 exf5 12. cxd5 Nxc3 13. Bxc3 cxd5 14. Bd3 f4 15. exf4 Bd6 16. Qf3 Nf6 17. Rfe1 Qb6 18. Bb2 Bb4 19. Re5 Rec8 20. g4 Bd6 21. Rf5 Re8 22. g5 Ne4 23. Rxd5 Nd2 24. Bxh7+ Kxh7 25. Qd3+ Ne4 26. f3 Bxf4 27. fxe4 Qg6 28. Rf5 Bxg5 29. Kh1 Kg8 30. Rg1 f6 31. Bc1 Rad8 32. Bxg5 fxg5 33. Rfxg5 Qxe4+ 34. Qxe4 Rxe4 35. Rxg7+ Kh8 36. R7g5 Rh4 37. d5 Rh6 38. R1g3 Rd7 39. Kg2 Ra6 40. a4 Rad6 41. Rh3+ Rh7 42. Rxh7+ Kxh7 43. Kf2 Rh6 44. Kg3 Rb6 45. Kf4 Rxb3 46. Ke5 b5 47. axb5 Rxb5 48. Rg2 a5 49. Ke6 a4 50. d6 Rb1 51. Ra2 Re1+ 52. Kd7 Re4 53. Kc6 Rd4 54. d7 Kg7 55. Rxa4 Rxa4 56. d8Q Ra6+ 57. Kb5 Rf6 58. h4 Rh6 59. Qe7+ Kg6 60. Qg5+ Kh7 61. h5 Rd6 62. Qe7+ Kh6 63. Qxd6+ Kxh5 64. Qg3 Kh6 65. Kc5 Kh5 66. Kd5 Kh6 67. Ke6 Kh7 68. Kf6 Kh8 69. Qg7# 1-0

[Event "Port of Spain Knights op"]
[Site "Port of Spain"]
[Date "2015.04.23"]
[Round "2"]
[White "Yearwood, Shannon"]
[Black "Johnson, Chaya"]
[Result "1-0"]
[WhiteElo "1629"]
[BlackElo "1285"]
[PlyCount "47"]
[EventDate "2015.04.16"]
[EventType "swiss"]
[EventRounds "7"]
[EventCountry "TRI"]
[SourceTitle "EXT 2016"]
[Source "ChessBase"]
[SourceDate "2015.10.08"]
[SourceVersion "1"]
[SourceVersionDate "2015.10.08"]
[SourceQuality "1"]

1. e4 e5 2. Nf3 Nc6 3. Bc4 Bc5 4. c3 d6 5. d4 exd4 6. cxd4 Nxd4 7. Nxd4 Qh4 8. 0-0 Bg4 9. Qd3 d5 10. exd5 Bd6 11. h3 0-0-0 12. Nf5 Re8 13. Nxh4 Be2 14. Qf5+ Kb8 15. Bxe2 Nh6 16. Bxh6 gxh6 17. Bb5 Re5 18. Qf6 Rg8 19. Nf5 a6 20. Nxd6 Rxd5 21. Qxf7 Rdg5 22. Bc6 bxc6 23. Qb3+ Ka7 24. Qb7# 1-0

[Event "Port of Spain op"]
[Site "Port of Spain"]
[Date "2014.05.29"]
[Round "5"]
[White "Yearwood, Shannon"]
[Black "Gill, Joseph"]
[Result "0-1"]
[WhiteElo "1592"]
[BlackElo "1994"]
[PlyCount "124"]
[EventDate "2014.05.01"]
[EventType "swiss"]
[EventRounds "7"]
[EventCountry "TRI"]
[SourceTitle "EXT 2015"]
[Source "ChessBase"]
[SourceDate "2014.11.20"]
[SourceVersion "1"]
[SourceVersionDate "2014.11.20"]
[SourceQuality "1"]

1. e4 c5 2. c3 g6 3. Nf3 Bg7 4. d4 cxd4 5. cxd4 d5 6. exd5 Nf6 7. d6 Qxd6 8. Nc3 0-0 9. Bc4 Nc6 10. 0-0 Bg4 11. Be2 Rfd8 12. Be3 Bxf3 13. Bxf3 Nxd4 14. Bxd4 Qxd4 15. Qxd4 Rxd4 16. Bxb7 Rb8 17. Bf3 Nd7 18. Rad1 Rxb2 19. a4 Ne5 20. Nb5 Nxf3+ 21. gxf3 Rxa4 22. Rd8+ Bf8 23. Nc7 Rba2 24. Re1 Ra1 25. Rxa1 Rxa1+ 26. Kg2 Kg7 27. Ne8+ Kh6 28. Rd4 Ra5 29. Rh4+ Rh5 30. Ra4 a5 31. Nc7 e6 32. Ne8 Rb5 33. Nf6 Rg5+ 34. Ng4+ Kg7 35. Kf1 Rc5 36. Ke2 Rc2+ 37. Ke3 Rc3+ 38. Ke2 Ra3 39. Rxa3 Bxa3 40. Kd3 Bd6 41. h3 a4 42. Kc4 a3 43. Kb3 h5 44. Ne3 Kf6 45. Nf1 Kg5 46. Nd2 Kh4 47. Nc4 Be7 48. Ne5 Kxh3 49. Nxf7 Kg2 50. Ne5 g5 51. Ng6 Bd6 52. Kc2 h4 53. Nxh4+ gxh4 54. f4 h3 55. f5 exf5 56. f4 h2 57. Kb3 h1Q 58. Kc4 Qd1 59. Kb5 Qd5+ 60. Ka6 Qb3 61. Ka5 a2 62. Ka6 a1R# 0-1

[Event "Port of Spain op"]
[Site "Port of Spain"]
[Date "2014.05.01"]
[Round "1"]
[White "Yearwood, Shannon"]
[Black "Wiltshire, Esan"]
[Result "0-1"]
[WhiteElo "1592"]
[BlackElo "2033"]
[PlyCount "78"]
[EventDate "2014.05.01"]
[EventType "swiss"]
[EventRounds "7"]
[EventCountry "TRI"]
[SourceTitle "EXT 2015"]
[Source "ChessBase"]
[SourceDate "2014.11.20"]
[SourceVersion "1"]
[SourceVersionDate "2014.11.20"]
[SourceQuality "1"]

1. e4 c5 2. c3 Nf6 3. e5 Nd5 4. Nf3 Nc6 5. d4 cxd4 6. cxd4 d6 7. Bc4 Nb6 8. Bb3 dxe5 9. dxe5 Qxd1+ 10. Bxd1 Nc4 11. Bb3 N4xe5 12. Nxe5 Nxe5 13. 0-0 e6 14. Be3 Bd6 15. Nc3 Bd7 16. Ne4 Be7 17. Rfd1 Bc6 18. Nd6+ Bxd6 19. Rxd6 0-0 20. h3 Nd7 21. Rad1 Nf6 22. Bc5 Rfc8 23. f3 Bd5 24. Bxd5 Nxd5 25. Bf2 Rc2 26. Rb1 h6 27. Rd7 b6 28. a4 a5 29. Rb7 Rc6 30. Rd1 Rac8 31. Rd3 Rc1+ 32. Kh2 R1c2 33. Bd4 Nf4 34. Rd1 Rxg2+ 35. Kh1 Rcc2 36. Rb8+ Kh7 37. Bxb6 Rh2+ 38. Kg1 Rcg2+ 39. Kf1 Rh1+ 0-1